Alle Formel 1 Fahrer mit mindestens 100 Punkten in einer Saison - Statistiken

Allgemein
  • Dieses Quiz wurde 1.477 mal gespielt
    33 seit der letzten Aktualisierung
  • Das Durchschnittsergebnis liegt bei 112 aus 130
Antwortstatistiken
Jahr Nationalität Punkte Antwort % Korrekt
2025 Monaco 242 Charles Leclerc
100%
2024 Monaco 356 Charles Leclerc
100%
2023 Monaco 206 Charles Leclerc
100%
2022 Monaco 308 Charles Leclerc
100%
2021 Monaco 159 Charles Leclerc
100%
2019 Monaco 264 Charles Leclerc
100%
2026 Italien 100* Kimi Antonelli
100%
2025 Italien 150 Kimi Antonelli
100%
2025 Großbritannien 423 Lando Norris
100%
2024 Großbritannien 374 Lando Norris
100%
2023 Großbritannien 205 Lando Norris
100%
2022 Großbritannien 122 Lando Norris
100%
2021 Großbritannien 160 Lando Norris
100%
2025 Großbritannien 156 Lewis Hamilton
100%
2024 Großbritannien 223 Lewis Hamilton
100%
2023 Großbritannien 234 Lewis Hamilton
100%
2022 Großbritannien 240 Lewis Hamilton
100%
2021 Großbritannien 387,5 Lewis Hamilton
100%
2020 Großbritannien 347 Lewis Hamilton
100%
2019 Großbritannien 413 Lewis Hamilton
100%
2018 Großbritannien 408 Lewis Hamilton
100%
2017 Großbritannien 363 Lewis Hamilton
100%
2016 Großbritannien 380 Lewis Hamilton
100%
2015 Großbritannien 381 Lewis Hamilton
100%
2014 Großbritannien 384 Lewis Hamilton
100%
2013 Großbritannien 189 Lewis Hamilton
100%
2012 Großbritannien 190 Lewis Hamilton
100%
2011 Großbritannien 227 Lewis Hamilton
100%
2010 Großbritannien 240 Lewis Hamilton
100%
2007 Großbritannien 109 Lewis Hamilton
100%
2025 Niederlande 421 Max Verstappen
100%
2024 Niederlande 437 Max Verstappen
100%
2023 Niederlande 575 Max Verstappen
100%
2022 Niederlande 454 Max Verstappen
100%
2021 Niederlande 395,5 Max Verstappen
100%
2020 Niederlande 214 Max Verstappen
100%
2019 Niederlande 278 Max Verstappen
100%
2018 Niederlande 249 Max Verstappen
100%
2017 Niederlande 168 Max Verstappen
100%
2016 Niederlande 204 Max Verstappen
100%
2025 Australien 410 Oscar Piastri
100%
2024 Australien 292 Oscar Piastri
100%
2019 Deutschland 240 Sebastian Vettel
95%
2018 Deutschland 320 Sebastian Vettel
95%
2017 Deutschland 317 Sebastian Vettel
95%
2016 Deutschland 212 Sebastian Vettel
95%
2015 Deutschland 278 Sebastian Vettel
95%
2014 Deutschland 167 Sebastian Vettel
95%
2013 Deutschland 397 Sebastian Vettel
95%
2012 Deutschland 281 Sebastian Vettel
95%
2011 Deutschland 392 Sebastian Vettel
95%
2010 Deutschland 256 Sebastian Vettel
95%
2024 Mexiko 152 Sergio Perez
95%
2023 Mexiko 285 Sergio Perez
95%
2022 Mexiko 305 Sergio Perez
95%
2021 Mexiko 190 Sergio Perez
95%
2020 Mexiko 125 Sergio Perez
95%
2017 Mexiko 100 Sergio Perez
95%
2016 Mexiko 101 Sergio Perez
95%
2024 Spanien 290 Carlos Sainz
89%
2023 Spanien 200 Carlos Sainz
89%
2022 Spanien 246 Carlos Sainz
89%
2021 Spanien 164,5 Carlos Sainz
89%
2020 Spanien 105 Carlos Sainz
89%
2023 Spanien 206 Fernando Alonso
89%
2014 Spanien 161 Fernando Alonso
89%
2013 Spanien 242 Fernando Alonso
89%
2012 Spanien 278 Fernando Alonso
89%
2011 Spanien 257 Fernando Alonso
89%
2010 Spanien 252 Fernando Alonso
89%
2007 Spanien 109 Fernando Alonso
89%
2006 Spanien 134 Fernando Alonso
89%
2005 Spanien 133 Fernando Alonso
89%
2025 Großbritannien 319 George Russell
84%
2024 Großbritannien 245 George Russell
84%
2023 Großbritannien 175 George Russell
84%
2022 Großbritannien 275 George Russell
84%
2006 Deutschland 121 Michael Schumacher
84%
2004 Deutschland 148 Michael Schumacher
84%
2002 Deutschland 144 Michael Schumacher
84%
2001 Deutschland 123 Michael Schumacher
84%
2000 Deutschland 108 Michael Schumacher
84%
1995 Deutschland 102 Michael Schumacher
84%
2018 Finnland 251 Kimi Räikkönen
79%
2017 Finnland 205 Kimi Räikkönen
79%
2016 Finnland 186 Kimi Räikkönen
79%
2015 Finnland 150 Kimi Räikkönen
79%
2013 Finnland 183 Kimi Räikkönen
79%
2012 Finnland 207 Kimi Räikkönen
79%
2007 Finnland 110 Kimi Räikkönen
79%
2005 Finnland 112 Kimi Räikkönen
79%
2016 Deutschland 385 Nico Rosberg
79%
2015 Deutschland 322 Nico Rosberg
79%
2014 Deutschland 317 Nico Rosberg
79%
2013 Deutschland 171 Nico Rosberg
79%
2010 Deutschland 142 Nico Rosberg
79%
2021 Finnland 226 Valtteri Bottas
79%
2020 Finnland 223 Valtteri Bottas
79%
2019 Finnland 326 Valtteri Bottas
79%
2018 Finnland 247 Valtteri Bottas
79%
2017 Finnland 305 Valtteri Bottas
79%
2015 Finnland 136 Valtteri Bottas
79%
2014 Finnland 186 Valtteri Bottas
79%
2021 Australien 115 Daniel Ricciardo
74%
2020 Australien 119 Daniel Ricciardo
74%
2018 Australien 170 Daniel Ricciardo
74%
2017 Australien 200 Daniel Ricciardo
74%
2016 Australien 256 Daniel Ricciardo
74%
2014 Australien 238 Daniel Ricciardo
74%
2014 Großbritannien 126 Jenson Button
74%
2012 Großbritannien 188 Jenson Button
74%
2011 Großbritannien 270 Jenson Button
74%
2010 Großbritannien 214 Jenson Button
74%
2020 Thailand 105 Alexander Albon
68%
1998 Finnland 100 Mika Häkkinen
68%
2021 Frankreich 110 Pierre Gasly
68%
2015 Brasilien 121 Felipe Massa
63%
2014 Brasilien 134 Felipe Massa
63%
2013 Brasilien 112 Felipe Massa
63%
2012 Brasilien 122 Felipe Massa
63%
2011 Brasilien 118 Felipe Massa
63%
2010 Brasilien 144 Felipe Massa
63%
2013 Australien 199 Mark Webber
63%
2012 Australien 179 Mark Webber
63%
2011 Australien 258 Mark Webber
63%
2010 Australien 242 Mark Webber
63%
2004 Brasilien 114 Rubens Barrichello
53%
2010 Polen 136 Robert Kubica
47%
1992 Großbritannien 108 Nigel Mansell
42%
2013 Frankreich 132 Romain Grosjean
32%
Keine übereinstimmenden Quizze gefunden
Verteilung der Resultate
Anzahl Personen mit jedem Resultat
Perzentil nach korrekt beantworteten Fragen
Ihre Resultats-Entwicklung
Sie haben dieses Quiz seit der letzten Aktualisierung nicht gespielt